00000000nam##2200000za#4500
0019.568811
003CaOODSP
00520210624181446
007cr |||||||||||
008150406|2002||||xxc|||||o    f|0| 0 eng|d
040 |aCaOODSP|beng
043 |an-cn---
0861 |aBT31-4/2-2002E-PDF
1101 |aCanada. |bTreasury Board.
24510|aAtlantic Canada Opportunities Agency, performance report for the period ending March 31, 2002 |h[electronic resource]
260 |aOttawa - Ontario : |bTreasury Board of Canada Secretariat |c[2002].
300 |a69p.|bgraphs, illus., tables
4901 |aPerformance report for the period ending March 31, 2002 |vFor the period ending March 31, 2002
590 |a10-15-Supp|b2010-12-10
77508|tAgence de promotion économique du Canada atlantique, rapport sur le rendement pour la période se terminant le 31 mars 2002 |w(CaOODSP)9.600077
7760#|tAtlantic Canada Opportunities Agency |w(CaOODSP)9.536742
7760#|tAgence de promotion économique du Canada atlantique |w(CaOODSP)9.536743
830#0|aPerformance report for the period ending March 31, 2002 ;|vFor the period ending March 31, 2002|w(CaOODSP)9.506264
85640|ahttp://publications.gc.ca|qPDF|s289 KB|uhttps://publications.gc.ca/collections/collection_2010/sct-tbs/BT31-4-2-2002-eng.pdf|yFor the period ending March 31, 2002